[Event "RSA-chT U20"]
[Site "Boksburg"]
[Date "2020.01.07"]
[Round "6.5"]
[White "Gertse, Lillian"]
[Black "Pule, Lesedi"]
[Result "0-1"]
[WhiteElo "925"]
[BlackElo "1291"]
[PlyCount "102"]
[EventDate "2020.01.04"]
[EventType "team-tourn"]
[EventRounds "7"]
[EventCountry "RSA"]
[SourceTitle "CBM 194 Extra"]
[Source "ChessBase"]
[SourceDate "2020.03.31"]
[SourceVersion "1"]
[SourceVersionDate "2020.03.31"]
[SourceQuality "1"]
[WhiteTeam "Eden District U20"]
[BlackTeam "Sedibeng U20"]
[WhiteTeamCountry "RSA"]
[BlackTeamCountry "RSA"]

1. d4 e6 2. c4 Nf6 3. Nc3 d5 4. cxd5 exd5 5. Bg5 c6 6. e3 Bf5 7. Nf3 Be7 8. Be2 h6 9. Bh4 0-0 10. 0-0 Ne4 11. Bxe7 Qxe7 12. Bd3 Nd7 13. Re1 Ndf6 14. Nh4 Bh7 15. f3 Nd6 16. Bxh7+ Kxh7 17. Qd3+ Kg8 18. e4 dxe4 19. fxe4 Nd7 20. Nf5 Nxf5 21. exf5 Qf6 22. Rf1 Rad8 23. Rae1 Nc5 24. Qc4 Qxd4+ 25. Qxd4 Rxd4 26. Re5 Nd3 27. Re4 Rxe4 28. Nxe4 Re8 29. Nd6 Re7 30. g4 Nxb2 31. h4 f6 32. Rb1 Rd7 33. Rxb2 Rxd6 34. Rg2 c5 35. g5 hxg5 36. hxg5 fxg5 37. Rxg5 c4 38. Kh2 c3 39. Rg1 b5 40. Kh3 b4 41. Kh4 Rd2 42. Rg6 Kf7 43. Kg5 Rg2+ 44. Kh5 Rxg6 45. fxg6+ Kf6 46. a4 c2 47. a5 Kf5 48. a6 c1Q 49. Kh4 Qg1 50. Kh3 Kf4 51. Kh4 Qh1# 0-1

[Event "RSA-chT U20"]
[Site "Boksburg"]
[Date "2020.01.06"]
[Round "4.5"]
[White "Gertse, Lillian"]
[Black "Van der Westhuizen, Donald"]
[Result "0-1"]
[WhiteElo "925"]
[BlackElo "1686"]
[PlyCount "104"]
[EventDate "2020.01.04"]
[EventType "team-tourn"]
[EventRounds "7"]
[EventCountry "RSA"]
[SourceTitle "CBM 194 Extra"]
[Source "ChessBase"]
[SourceDate "2020.03.31"]
[SourceVersion "1"]
[SourceVersionDate "2020.03.31"]
[SourceQuality "1"]
[WhiteTeam "Eden District U20"]
[BlackTeam "Tshwane Chess U20"]
[WhiteTeamCountry "RSA"]
[BlackTeamCountry "RSA"]

1. d4 Nf6 2. c4 c5 3. d5 e6 4. d6 Qb6 5. Bf4 Qxb2 6. Nd2 Nh5 7. e3 Nxf4 8. exf4 Bxd6 9. Ne4 Bxf4 10. Nd6+ Ke7 11. Ne4 f5 12. Nxc5 Qb4+ 13. Ke2 Qxc5 14. Nf3 Qxc4+ 15. Ke1 Qc3+ 16. Nd2 Bxd2+ 17. Qxd2 Qxa1+ 18. Ke2 b6 19. Qb4+ Kf7 20. g3 Qxa2+ 21. Qd2 Qxd2+ 22. Kxd2 Bb7 23. Rg1 Nc6 24. f4 Rac8 25. Ke2 Nd4+ 26. Kf2 Nf3 27. Rh1 Rc2+ 28. Ke3 Rhc8 29. Bd3 R2c3 30. Rf1 Nxh2 31. Rd1 Ng4+ 32. Ke2 Rxd3 33. Rxd3 Ba6 34. Kd2 Bxd3 35. Kxd3 Rc1 36. Kd2 Rc4 37. Kd3 Re4 38. Kc3 Ke7 39. Kd2 Kd6 40. Kd1 Kd5 41. Kc1 Re2 42. Kd1 Kc4 43. Kxe2 Kc3 44. Kf3 b5 45. Ke2 Kc2 46. Kf3 b4 47. Kg2 b3 48. Kh3 b2 49. Kh4 b1Q 50. Kg5 Nf6 51. g4 Qd1 52. Kh4 Qxg4# 0-1

[Event "RSA-chT U20"]
[Site "Boksburg"]
[Date "2020.01.06"]
[Round "5.5"]
[White "Singh, Pragna"]
[Black "Gertse, Lillian"]
[Result "1-0"]
[WhiteElo "1155"]
[BlackElo "925"]
[PlyCount "59"]
[EventDate "2020.01.04"]
[EventType "team-tourn"]
[EventRounds "7"]
[EventCountry "RSA"]
[SourceTitle "CBM 194 Extra"]
[Source "ChessBase"]
[SourceDate "2020.03.31"]
[SourceVersion "1"]
[SourceVersionDate "2020.03.31"]
[SourceQuality "1"]
[WhiteTeam "Ekurhuleni U20"]
[BlackTeam "Eden District U20"]
[WhiteTeamCountry "RSA"]
[BlackTeamCountry "RSA"]

1. d4 Nf6 2. e3 g6 3. f4 d5 4. Nf3 Bg4 5. Bd3 Bg7 6. 0-0 0-0 7. Qe1 e6 8. Nbd2 Bf5 9. Ne5 Bxd3 10. cxd3 Nbd7 11. Ndf3 c6 12. Bd2 Rc8 13. Rc1 Qb6 14. b3 c5 15. g4 Rfd8 16. Ba5 Qa6 17. Bxd8 Rxd8 18. g5 Nh5 19. a4 f6 20. Nxd7 Rxd7 21. Rxc5 Qxd3 22. Rc8+ Bf8 23. gxf6 Qf5 24. Ne5 Rd6 25. f7+ Kg7 26. Qb4 Kh6 27. Rxf8 Rb6 28. Qe7 Qh3 29. Qg5+ Kg7 30. Rg8# 1-0

[Event "RSA-chT U20"]
[Site "Boksburg"]
[Date "2020.01.05"]
[Round "3.5"]
[White "Elephant, Kabelo"]
[Black "Gertse, Lillian"]
[Result "1-0"]
[WhiteElo "1201"]
[BlackElo "925"]
[PlyCount "85"]
[EventDate "2020.01.04"]
[EventType "team-tourn"]
[EventRounds "7"]
[EventCountry "RSA"]
[SourceTitle "CBM 194 Extra"]
[Source "ChessBase"]
[SourceDate "2020.03.31"]
[SourceVersion "1"]
[SourceVersionDate "2020.03.31"]
[SourceQuality "1"]
[WhiteTeam "Ethekwini U20"]
[BlackTeam "Eden District U20"]
[WhiteTeamCountry "RSA"]
[BlackTeamCountry "RSA"]

1. e4 e5 2. Nf3 Nc6 3. Bc4 Nf6 4. Ng5 d5 5. exd5 Nxd5 6. Nxf7 Kxf7 7. Qf3+ Ke8 8. Bxd5 Qd7 9. 0-0 Nd4 10. Qh5+ g6 11. Qxe5+ Qe7 12. Qxd4 Bg7 13. Qc4 c6 14. Bf3 Be6 15. Qe2 Kf7 16. Nc3 Rhf8 17. Re1 Rae8 18. d3 Qh4 19. Ne4 Bd5 20. Nd6+ Kg8 21. Bxd5+ cxd5 22. Nxe8 Bd4 23. Be3 Be5 24. g3 Qh3 25. d4 Rf5 26. dxe5 Rh5 27. f4 g5 28. Nf6+ Kh8 29. e6 Rh6 30. Nxd5 Qxe6 31. Ne7 Qxe7 32. Bd4+ Kg8 33. fxg5 Re6 34. Qc4 Qd6 35. Rf1 Qc6 36. Qb3 a5 37. a4 b5 38. axb5 Qd6 39. Rad1 Qxd4+ 40. Rxd4 Kg7 41. Qxe6 h6 42. Qf7+ Kh8 43. Rd8# 1-0